Statistics for College Football Matchups: Florida

Click here to take the quiz!

General Stats

  • This quiz has been taken 51 times
  • The average score is 12 of 16

Answer Stats

# of GamesOpponentLast Meeting% Correct
101Georgia10/28/2023
100%
42Alabama09/18/2021
97%
70LSU11/11/2023
97%
56Miami08/24/2019
97%
67Florida State11/25/2023
94%
44South Carolina10/14/2023
94%
25Ole Miss09/26/2020
90%
53Tennessee09/16/2023
90%
55Mississippi State09/29/2018
87%
57Vanderbilt10/07/2023
87%
74Kentucky09/30/2023
84%
84Auburn10/05/2019
77%
38Georgia Tech09/19/1981
52%
21Tulane09/15/1984
29%
18Maryland01/02/2002
23%
19Stetson10/10/1953
13%

Score Distribution

Percentile by Number Answered

Percent of People with Each Score

Your Score History

You have not taken this quiz